| 000 -LEADER |
| fixed length control field |
00506nam a22001817a 4500 |
| 008 - FIXED-LENGTH DATA ELEMENTS--GENERAL INFORMATION |
| fixed length control field |
150601b xxu||||| |||| 00| 0 eng d |
| 020 ## - INTERNATIONAL STANDARD BOOK NUMBER |
| International Standard Book Number |
0256019002 |
| 041 0# - LANGUAGE CODE |
| Language code of text/sound track or separate title |
eng |
| 080 ## - UNIVERSAL DECIMAL CLASSIFICATION NUMBER |
| Universal Decimal Classification number |
338 |
| 100 1# - Rafti |
| Rafti |
Lesikar, Raymond Vincent. |
| 245 10 - TITLE STATEMENT |
| Title |
Report writing for business / |
| Statement of responsibility, etc |
Raymond V. Lesikar. |
| 250 ## - |
| -- |
5th ed. |
| 260 ## - |
| -- |
Homewood, Ill. : |
| -- |
R. D. Irwin, |
| -- |
1977. |
| 300 ## - |
| -- |
395 f. : |
| -- |
me il.; |
| -- |
24 cm. |
| 505 ## - |
| -- |
Index: f.389-395 |
| 650 #0 - |
| -- |
Raportimet e shkrimit në biznes |
| 942 ## - ADDED ENTRY ELEMENTS (KOHA) |
| Source of classification or shelving scheme |
|
| Item type |
Books |